Summer Parades - Society-Wide Discussion on Minority Rights
Enregistré dans:
| Auteur principal: | |
|---|---|
| Format: | Chapitre de livre |
| Langue: | anglais |
| Sujets: | |
| Tags: |
Pas de tags, Soyez le premier à ajouter un tag!
|
MARC
| LEADER | 00000naa a2200000 4500 | ||
|---|---|---|---|
| 001 | 0259906 | ||
| 005 | 20240502083741.3 | ||
| 041 | 0 | |a eng | |
| 044 | |a HU | ||
| 245 | 1 | 0 | |a Summer Parades - Society-Wide Discussion on Minority Rights |c Kristína Baculáková |
| 610 | 2 | 0 | |a právo občianske |
| 610 | 2 | 0 | |a ochrana práv občanov |
| 610 | 2 | 0 | |a strany politické |
| 610 | 2 | 0 | |a demokracia |
| 100 | 1 | |a Baculáková, Kristína, 1988- | |